000
00186 a2200097 4500
020
_a
9788420733753
041
_a
spa
100
_a
Colin Hawkins
245
_a
El gato del mago
942
_c
K
999
_c
28785
_d
28785